Statistiques concernant Classement de la Ligue 1 2016-2017

Cliquez ici pour prendre le quiz!

Statistiques générales

  • Ce quiz a été pris 217 fois
  • Le résultat moyen est 17 sur 20

Statistiques - réponses

PlaceEquipesPts% Correct
5Marseille62
100%
2Paris87
100%
4Lyon67
99%
12Lille46
97%
1Monaco95
97%
6Bordeaux59
94%
8Rennes50
94%
7Nantes51
93%
3Nice78
92%
9Saint-étienne50
91%
13Toulouse44
89%
15Montpellier39
87%
11Angers46
83%
18Lorient36
74%
14Metz43
73%
20Bastia34
66%
17Caen37
64%
16Dijon37
64%
19Nancy35
64%
10Guingamp50
59%

Distribution des résultats

Percentile par nombre de réponses

% des personnes avec chaque résultat

Votre développement - résultats

Vous n’avez pas pris ce quiz